Guess the Taylor Swift Song (no hints) 13 - Statistics

General Stats
  • This quiz has been taken 263 times
  • The average score is 394 of 505
Answer Stats
Answer % Correct
I
100%
you
97%
You
97%
the
94%
The
94%
do
93%
me
92%
And
91%
and
91%
to
91%
your
90%
in
89%
in?
89%
it
89%
is
88%
when
86%
All
85%
all
85%
love
85%
that
82%
of
81%
they
81%
was
81%
was-
81%
go
80%
it's
80%
like
80%
what
80%
had
79%
Had
79%
Stay
79%
stay
79%
(stay)
79%
stay,
79%
stay)
79%
too
79%
Then
78%
are
76%
This
75%
this
75%
want
75%
were
75%
say
74%
don't
73%
out
73%
have
72%
but
71%
But
71%
us
71%
just
70%
know
70%
not
70%
Not
70%
(oh,
70%
oh,
70%
oh
70%
oh)
70%
Oh,
70%
been
69%
now,
69%
now
69%
Now
69%
let
67%
Let
67%
up,
66%
up
66%
back
64%
hand
64%
think
64%
I've
63%
gave
62%
off
62%
wanted
61%
palm
60%
you've
60%
always
59%
lock
59%
away
58%
could've
57%
Well,
57%
about
56%
late
56%
why'd
56%
gone
55%
People
55%
people
55%
easy
52%
Hey,
51%
wanna
51%
Here
49%
made
49%
more
48%
believe
47%
forever
47%
road
47%
changed
46%
drove
46%
goodbye
45%
less
44%
mess
41%
pushed
41%
aside
40%
picking
40%
pieces
40%
remind
39%
calling
38%
ended
36%
No matching quizzes found
Score Distribution
Percent of People with Each Score
Percentile by Number Answered
Your Score History
You have not taken this quiz